000 01152naa a22003137a 4500
001 BR8206707
003 BR-BrBNA
005 20240918175212.0
007 ta
008 230509b bl.||||| |||| 00| 0 por d
040 _aBR-BrBNA
_bpor
_cBiblioteca Nacional de Agricultura
041 _a(Pt)
072 _aF60; F25
_b0430
_b3810
090 _aF60 BR8206707
100 1 _aSilva, N.M. da
111 1 _aSimposio sobre Potassio na Agricultura Brasileira
_cLondrina, PR (Brazil)
_d25-28 Jan 1982
245 1 _aNutricao e adubacao potassica do algodao herbaceo [Gossypium herbaceum]
260 3 _aPiracicaba, SP (Brasil):
_c1982.
500 _aAnais do Simposio sobre Potassio na Agricultura Brasileira Piracicaba, SP (Brasil): 1982. p. 373-392 (BR8206707-AM)F60
650 _aALGODAO HERBACEO
650 _aFERTILIZANTE POTASSICO
650 _aADUBACAO
650 _aABSORCAO
650 _aEXIGENCIA NUTRICIONAL
650 _aANALISE FOLIAR
773 0 _tAnais do Simposio sobre Potassio na Agricultura Brasileira
_wF60 BR8206707
_gPiracicaba, SP (Brasil), 1982. p. 373-392
909 _a202404
_bLucia
_c55
_dLucia Elande
942 _cAM
_2AGRIS
999 _c315563
_d315563